Les couleurs possibles de Yoshi - Statistiques

Statistiques générales
  • Ce quiz a été pris 217 fois
  • Le résultat moyen est 10 sur 11
Statistiques - réponses
Couleurs des Yoshi % Correct
Rouge
99%
Vert
99%
Jaune
98%
Noir
98%
Rose
95%
Violet
95%
Blanc
92%
Orange
92%
Marron
78%
Bleu foncé
59%
Bleu clair
57%
Aucun quiz correspondant
Distribution des résultats
% des personnes avec chaque résultat
Percentile par nombre de réponses
Votre historique - résultats
Vous n’avez pas pris ce quiz